Word Ladder: Three-Letter Star Wars Quiz Stats

 Plays Quiz Updated Jul 2, 2020

Support Sporcle.
Go Orange.
Score 0/20 Timer 03:00
0 Plays Today
Hint % Correct
___ SoloHAN
98.6%
Attila the ___HUN
95%
ProhibitBAN
94.6%
___ deductibleTAX
87.7%
Formal suitTUX
87.7%
General Armitage ___HUX
84.9%
One of 3 StoogesMOE
83.7%
Leia's sonBEN
82%
Looney Tunes devilTAZ
81.9%
Kylo ___REN
81.3%
Hint % Correct
London broadcasterBBC
81.3%
Actress West or WhitmanMAE
81.1%
Lighter brand nameBIC
81%
___ KanataMAZ
72.1%
Part of a bridleBIT
71.6%
___ DameronPOE
64.3%
One spamming your inboxBOT
63.5%
The Last JediREY
63.3%
Spherical droidBB-8
55.7%
Where one ups the antePOT
55.3%

Today's Daily Dose

You're not logged in!

Compare scores with friends on all Sporcle quizzes.
OR
Log In
Forgot?

From the Vault

Remove Ads.
Support Sporcle.
Get the best of Sporcle when you Go Orange. This ad-free experience offers more features, more stats, and more fun while also helping to support Sporcle. Thank you for becoming a member.

Show Comments

Extras

Top Quizzes Today


Score Distribution

Your Account Isn't Verified!

In order to create a playlist on Sporcle, you need to verify the email address you used during registration. Go to your Sporcle Settings to finish the process.

Report this User

Report this user for behavior that violates our Community Guidelines.

Details: